000 00922nam a22002177a 4500
999 _c13308
_d13308
003 AR-CdUCM
008 190411b ||||| |||| 00| 0 spa d
040 _aMUNICIPALIDAD PROVINCIAL DEL CUSCO
_cBIBLIOTECA MUNICIPAL DEL CUSCO
082 _aC / 340.73 /
_bSA18
100 _aSaldivar Herrera, Victor
_931658
245 _aIntroducción a las ciencias jurídicas /
260 _aCuzco :
_bH. G. Rozas,
_c1959.
300 _a66 páginas ;
_c21 cm.
505 _aContenido: Concepto y contenido del curso de introducción a las ciencias jurídicas -- Naturaleza y objeto de las ciencias jurídicas -- Diversas especies de normas que regulan la convivencia social -- Etimología del vocablo derecho ...
650 _aDerecho
_9739
650 _aÉtica legal
_931659
650 _aInterpretación y aplicación
_98705
710 _aCentro de estudios jurídicos
_931660
942 _2ddc
_cLIBROS
945 _aacv
_d2019-04-11